|
|
|
|
| LEADER |
01566nam a2200385 i 4500 |
| 001 |
EBC6733537 |
| 003 |
MiAaPQ |
| 005 |
20220622235043.0 |
| 006 |
m o d | |
| 007 |
cr cnu|||||||| |
| 008 |
220622s2021 enka o 001 0 eng d |
| 020 |
|
|
|z 9781780175720
|q (print)
|
| 020 |
|
|
|a 9781780175744
|q (electronic bk.)
|
| 035 |
|
|
|a (MiAaPQ)EBC6733537
|
| 035 |
|
|
|a (Au-PeEL)EBL6733537
|
| 035 |
|
|
|a (OCoLC)1272992512
|
| 040 |
|
|
|a MiAaPQ
|b eng
|e rda
|e pn
|c MiAaPQ
|d MiAaPQ
|
| 050 |
|
4 |
|a HD30.2
|b .S888 2021
|
| 082 |
0 |
|
|a 658.4038
|2 23
|
| 100 |
1 |
|
|a Sutton, David,
|e author.
|
| 245 |
1 |
0 |
|a Information risk management :
|b a practitioner's guide /
|c David Sutton.
|
| 264 |
|
1 |
|a England :
|b BCS Learning & Development Limited,
|c [2021]
|
| 264 |
|
4 |
|c Ã2021
|
| 300 |
|
|
|a 1 online resource (240 pages) :
|b illustrations
|
| 336 |
|
|
|a text
|b txt
|2 rdacontent
|
| 337 |
|
|
|a computer
|b c
|2 rdamedia
|
| 338 |
|
|
|a online resource
|b cr
|2 rdacarrier
|
| 500 |
|
|
|a Includes index.
|
| 588 |
|
|
|a Description based on print version record.
|
| 590 |
|
|
|a Electronic reproduction. Ann Arbor, MI : ProQuest, 2018. Available via World Wide Web. Access may be limited to ProQuest affiliated libraries.
|
| 650 |
|
0 |
|a Computer security.
|
| 655 |
|
4 |
|a Electronic books.
|
| 776 |
0 |
8 |
|i Print version:
|a Sutton, David.
|t Information risk management : a practitioner's guide.
|d England : BCS Learning & Development Limited, c2021
|h 240 pages
|z 9781780175720
|
| 797 |
2 |
|
|a ProQuest (Firm)
|
| 856 |
4 |
0 |
|u https://ebookcentral.proquest.com/lib/matrademy/detail.action?docID=6733537
|z Click to View
|